000
00253nam a22001217a 4500
008
181031b xxu||||| |||| 00| 0 eng d
041
_a
eng
080
_a
611
100
_a
6
101
_a
ANA
245
_a
Anatomical Atlas
_c
Zovirax
942
_2
udc
_c
BK
999
_c
51318
_d
51318